000 01130nam a2200337Ia 4500
001 Para_5695
003 CHAP
008 220125s1985 xx 000 0 und d
010 _a204125
020 _a968 - 23 - 1349 - X
040 _cCHAP
082 _aPA 338.1972 T65
100 _aToledo, Víctor Manuel
_9113643
245 _aEcología y autosuficiencia alimentaria :
_b hacia una opción basada en la diversidad biológica,ecológica y cultural de México /
_c Víctor Manuel Toledo [et.al]
260 _aMéxico :
_b siglo XXI
300 _a118 p.
650 _aCampesinado
_x Michoacán
_918024
650 _aDesarrollo rural
_x Michoacán
_9170121
650 _aMichoacán
_x condiciones rurales
_975447
650 _aRecursos naturales
_x Michoacán
_995298
700 _aI.Carabias, Julia, Coaut.
_9170122
700 _aII.Mapes, Cristian, Coaut.
_9170123
700 _aToledo, Carlos, Coaut.
_9170124
901 _aPA 338.1972 T65
902 _aM
905 _a3232201985 mx a, n8000000300spa06
910 _a1985
942 _cPARA
942 _cPARA
_d1
999 _c204125
_d204125